Normal view
MARC view
Entry Personal Name
001 - CONTROL NUMBER
- control field: 80971
003 - CONTROL NUMBER IDENTIFIER
- control field: OSt
005 - DATE AND TIME OF LATEST TRANSACTION
- control field: 20210327124315.0
008 - FIXED-LENGTH DATA ELEMENTS
- fixed length control field: 210327|| aca||aabn | a|a d
040 ## - CATALOGING SOURCE
- Original cataloging agency: OSt
- Transcribing agency: OSt
100 ## - HEADING--PERSONAL NAME
- Personal name: तिवारी धर्मेन्द
670 ## - SOURCE DATA FOUND
- Source citation: Work cat.: (OSt): तिवारी धर्मेन्द , तथ्यात्मक मध्यप्रदेश 3edijtion









